000 00740nam a2200229Ia 4500
001 17634
003 GE_BSU
008 181216s||||||||xx |||||||||||||| ||und||
040 _cGE_BSU
080 _a792.071(=353.1)
100 _aიმედაძე,ნათელა
245 _aგრიგოლ კოსტავა
245 _bქართველი მსახიობი
245 _cრედ.:ნ.ურუშაძე;მხატვ.:ი.უთურაშვილი
260 _aთბილისი
260 _bხელოვნება
260 _c1972
300 _a57გვ;12სმ
300 _e12 ილ.
653 _aქართველი მსახიობები
942 _cBK
999 _c50683
_d50683